|
|
|
|
| LEADER |
00000nab a2200000 a 4500 |
| 001 |
vtls000002425 |
| 003 |
SK-MaSNL |
| 005 |
20260304061602.0 |
| 008 |
250422c1978 xo 0 slo |
| 015 |
|
|
|a SNBRB19rr/mm-uuuuu
|
| 035 |
|
|
|a CL0012517
|
| 035 |
|
|
|a (urnnbn)urn:nbn:sk:snk:ar-003y0a
|
| 035 |
|
|
|a (uuid)f8b9eb3e-5b8c-4483-961e-e5e36caf9354
|
| 035 |
|
|
|a urn:nbn:sk:snk-ab7u11
|
| 040 |
|
|
|a SNKBUCL
|b slo
|c SNKBUCL
|e AACR2
|
| 041 |
0 |
|
|a slo
|
| 044 |
|
|
|a xo
|c SK
|
| 080 |
|
|
|a 931/939
|2 1981
|
| 100 |
1 |
|
|a M.Ku.
|4 aut
|9 5079
|
| 245 |
1 |
0 |
|a Váňa, Z.: Objevy ve světe dávnych Slovanů
|c M.Ku. ; Z. Váňa
|
| 650 |
0 |
7 |
|a Slovania
|x dejiny
|2 snkbucl
|9 266119
|
| 655 |
|
7 |
|a články z novín a časopisov
|2 snkbucl
|9 267496
|
| 700 |
1 |
|
|a Váňa, Zdeněk,
|d 1924-1994
|4 aut
|9 263354
|
| 773 |
0 |
|
|t Historický časopis
|g Roč. 26, č. 2 (1978), s. 311-312
|
| 787 |
0 |
8 |
|i Rec.:
|a Váňa, Z.
|t Objevy ve světe dávnych Slovanů
|d Praha : Odeon, 1977
|
| 850 |
|
|
|a Slovenská národná knižnica
|
| 852 |
|
|
|a Slovenská národná knižnica
|
| 954 |
|
|
|a odborná, vedecká literatúra pôvodná (slovenská)
|2 lita
|
| 958 |
|
|
|a article9
|
| 958 |
|
|
|a OND
|
| 958 |
|
|
|a RK
|
| 958 |
|
|
|a EUIPO
|
| 992 |
|
|
|a RBX
|
| 999 |
|
|
|c 2733846
|d 2735776
|